Crónica de San Gabriel / (Record no. 22422)

000 -CABECERA
campo de control de longitud fija 00858cam a2200265 i 4500
001 - NÚMERO DE CONTROL
campo de control 21434332
003 - IDENTIFICADOR DEL NÚMERO DE CONTROL
campo de control OSt
005 - FECHA Y HORA DE LA ÚLTIMA TRANSACCIÓN
campo de control 20220610091654.0
008 - DATOS DE LONGITUD FIJA--INFORMACIÓN GENERAL
campo de control de longitud fija 200108s2019 pe 000 1 spa
010 ## - NÚMERO DE CONTROL DE LA BIBLIOTECA DEL CONGRESO
Número de control de LC 2020492392
020 ## - NÚMERO INTERNACIONAL ESTÁNDAR DEL LIBRO
Número Internacional Estándar del Libro 9786124416071
035 ## - NÚMERO DE CONTROL DEL SISTEMA
Número de control de sistema (PE-LiEIC)it201600017355
040 ## - FUENTE DE LA CATALOGACIÓN
Centro/agencia transcriptor Biblioteca Municipal de Cusco
082 ## - NÚMERO DE LA CLASIFICACIÓN DECIMAL DEWEY
Número de clasificación 869.56/R52C
Notación interna R52C
100 ## - ENTRADA PRINCIPAL--NOMBRE DE PERSONA
Nombre de persona Ribeyro, Julio Ramón
Fechas asociadas al nombre 1929-1994
9 (RLIN) 48121
245 ## - MENCIÓN DE TÍTULO
Título Crónica de San Gabriel /
Mención de responsabilidad, etc. Julio Ramón Ribeyro ; prólogo de Marco García Falcón
250 ## - MENCIÓN DE EDICIÓN
Mención de edición 3a ed., 1a reimpr.
264 ## - PRODUCCIÓN, PUBLICACIÓN, DISTRIBUCIÓN, FABRICACIÓN Y COPYRIGHT
Producción, publicación, distribución, fabricación y copyright Lima :
Nombre del de productor, editor, distribuidor, fabricante Pesopluma,
Fecha de producción, publicación, distribución, fabricación o copyright 2020.
300 ## - DESCRIPCIÓN FÍSICA
Extensión 246, [1] páginas. :
Dimensiones 21 cm.
490 ## - MENCIÓN DE SERIE
Mención de serie Crisálida. Novela ;
Designación de volumen o secuencia 1
650 ## - PUNTO DE ACCESO ADICIONAL DE MATERIA--TÉRMINO DE MATERIA
Término de materia o nombre geográfico como elemento de entrada Novelas peruanas
Subdivisión cronológica Siglo XX
9 (RLIN) 47961
700 ## - PUNTO DE ACCESO ADICIONAL--NOMBRE DE PERSONA
Nombre de persona García Falcón, Marco
Fechas asociadas al nombre 1970-
Término indicativo de función/relación prologuista
9 (RLIN) 48122
830 ## - PUNTO DE ACCESO ADICIONAL DE SERIE-TÍTULO UNIFORME
Título uniforme Crisálida. Novela
9 (RLIN) 48123
942 ## - ELEMENTOS DE PUNTO DE ACCESO ADICIONAL (KOHA)
Fuente del sistema de clasificación o colocación
Tipo de ítem Koha Libros-BMC
Holdings
Estado de retiro Estado de pérdida Fuente del sistema de clasificación o colocación Estado dañado No para préstamo Localización permanente Ubicación/localización actual Ubicación en estantería Fecha de adquisición Fuente de adquisición Coste, precio normal de compra Signatura topográfica completa Código de barras Fecha visto por última vez Precio válido a partir de Tipo de ítem Koha
          Sala Humanidades Sala Humanidades Book Cart 2022-06-10 Donación 49.00 869.56/R52C SH0000016291 2022-06-10 2022-06-10 Libros-BMC
          Sala Humanidades Sala Humanidades Book Cart 2022-06-10 Donación 49.00 869.56/R52C/e.2 SH0000016292 2022-06-10 2022-06-10 Libros-BMC

Powered by Koha